Statistics for Most European Capitals You Can Name in 1 Minute

Click here to take the quiz!

General Stats

  • This quiz has been taken 8,130 times
    (8,127 since last reset)
  • The average score is 22 of 45

Answer Stats

Capital % Correct
London
90%
Paris
88%
Madrid
82%
Berlin
82%
Rome
79%
Oslo
76%
Lisbon
75%
Dublin
69%
Stockholm
67%
Helsinki
64%
Moscow
62%
Amsterdam
60%
Athens
59%
Brussels
57%
Bern
57%
Vienna
53%
Warsaw
53%
Copenhagen
52%
Riga
51%
Tallinn
50%
Budapest
50%
Prague
49%
Bucharest
46%
Kiev
46%
Minsk
42%
Sofia
40%
Vilnius
40%
Belgrade
37%
Zagreb
37%
Monaco
36%
Luxembourg
34%
Bratislava
33%
Vatican City
33%
Andorra la Vella
32%
San Marino
31%
Vaduz
31%
Reykjavik
31%
Tirana
30%
Valletta
28%
Sarajevo
28%
Skopje
27%
Ljubljana
21%
Pristina
20%
Podgorica
18%
Chisinau
18%

Score Distribution

Percentile by Number Answered

Percent of People with Each Score

Your Score History

You have not taken this quiz since the last reset